System Priors for Econometric Time Series /

The paper introduces 'system priors', their use in Bayesian analysis of econometric time series, and provides a simple and illustrative application. System priors were devised by Andrle and Benes (2013) as a tool to incorporate prior knowledge into an economic model. Unlike priors about in...

Descripció completa

Dades bibliogràfiques
Autor principal: Andrle, Michal
Altres autors: Plaail, Miroslav
Format: Revista
Idioma:English
Publicat: Washington, D.C. : International Monetary Fund, 2016.
Col·lecció:IMF Working Papers; Working Paper ; No. 2016/231
Matèries:
Accés en línia:Full text available on IMF
LEADER 01730cas a2200277 a 4500
001 AALejournalIMF017249
008 230101c9999 xx r poo 0 0eng d
020 |c 5.00 USD 
020 |z 9781475555820 
022 |a 1018-5941 
040 |a BD-DhAAL  |c BD-DhAAL 
100 1 |a Andrle, Michal. 
245 1 0 |a System Priors for Econometric Time Series /  |c Michal Andrle, Miroslav Plaail. 
264 1 |a Washington, D.C. :  |b International Monetary Fund,  |c 2016. 
300 |a 1 online resource (18 pages) 
490 1 |a IMF Working Papers 
500 |a <strong>Off-Campus Access:</strong> No User ID or Password Required 
500 |a <strong>On-Campus Access:</strong> No User ID or Password Required 
506 |a Electronic access restricted to authorized BRAC University faculty, staff and students 
520 3 |a The paper introduces 'system priors', their use in Bayesian analysis of econometric time series, and provides a simple and illustrative application. System priors were devised by Andrle and Benes (2013) as a tool to incorporate prior knowledge into an economic model. Unlike priors about individual parameters, system priors offer a simple and efficient way of formulating well-defined and economically-meaningful priors about high-level model properties. The generality of system priors are illustrated using an AR(2) process with a prior that most of its dynamics comes from business-cycle frequencies. 
538 |a Mode of access: Internet 
650 7 |a Time Series  |2 imf 
650 7 |a WP  |2 imf 
700 1 |a Plaail, Miroslav. 
830 0 |a IMF Working Papers; Working Paper ;  |v No. 2016/231 
856 4 0 |z Full text available on IMF  |u http://elibrary.imf.org/view/journals/001/2016/231/001.2016.issue-231-en.xml  |z IMF e-Library